[Event "Kouty nad Desnou op-A"]
[Site "Kouty nad Desnou"]
[Date "2024.03.15"]
[Round "8"]
[White "Sudrich, Dominik"]
[Black "Mrazik, Marek"]
[Result "0-1"]
[WhiteElo "1149"]
[BlackElo "1601"]
[PlyCount "58"]
[EventDate "2024.03.09"]
[EventType "swiss"]
[EventRounds "9"]
[EventCountry "CZE"]
[SourceTitle "CB13_2024"]
[SourceDate "2024.03.27"]
[SourceVersion "1"]
[SourceVersionDate "2024.03.27"]
[SourceQuality "1"]

1. e4 c6 2. d4 d5 3. e5 Bf5 4. Nc3 e6 5. Bd3 Bg6 6. Nf3 Nd7 7. Be3 Ne7 8. Qd2 Nf5 9. Bg5 Be7 10. Bxe7 Qxe7 11. 0-0-0 b5 12. Bxf5 Bxf5 13. Rhe1 a5 14. h3 a4 15. Nb1 b4 16. a3 bxa3 17. Nxa3 0-0 18. Qc3 Ra6 19. g4 Bg6 20. Re3 Rb8 21. h4 f6 22. exf6 Nxf6 23. Rde1 Ne4 24. Qd3 Rab6 25. Nd2 Rxb2 26. Nxe4 Bxe4 27. Qc3 Qxa3 28. R1e2 Rxc2+ 29. Kd1 Rb1# 0-1

[Event "Kouty nad Desnou op-A"]
[Site "Kouty nad Desnou"]
[Date "2024.03.11"]
[Round "3"]
[White "Mrazik, Marek"]
[Black "Zrubek, Adam"]
[Result "0-1"]
[WhiteElo "1601"]
[BlackElo "1924"]
[PlyCount "84"]
[EventDate "2024.03.09"]
[EventType "swiss"]
[EventRounds "9"]
[EventCountry "CZE"]
[SourceTitle "CB13_2024"]
[SourceDate "2024.03.27"]
[SourceVersion "1"]
[SourceVersionDate "2024.03.27"]
[SourceQuality "1"]

1. d4 d5 2. Bf4 Bf5 3. Nf3 Nf6 4. e3 e6 5. Bd3 Bg6 6. 0-0 Bd6 7. Bg3 0-0 8. c3 c5 9. Bxg6 hxg6 10. Nbd2 Nc6 11. Qb3 Qd7 12. Rac1 c4 13. Qc2 b5 14. e4 Bxg3 15. fxg3 a5 16. e5 Ne8 17. h4 b4 18. g4 Nc7 19. h5 Ne7 20. Nh4 Qe8 21. Ndf3 a4 22. g3 f5 23. exf6 Rxf6 24. g5 Rf8 25. Ne5 Rxf1+ 26. Rxf1 Nf5 27. Nxf5 gxf5 28. Qh2 Nb5 29. h6 Qe7 30. g6 gxh6 31. Qxh6 Qg7 32. Qg5 bxc3 33. bxc3 Nxc3 34. g4 Ne2+ 35. Kg2 Nxd4 36. Qe3 Nb5 37. Rb1 Nd6 38. Rh1 Ne4 39. Qf4 Rb8 40. gxf5 Rb2+ 41. Kf3 Rf2+ 42. Ke3 Qa7# 0-1